Le coût du travail intrafamilial (notice n° 2224239)
[ vue normale ]
| 000 -LEADER | |
|---|---|
| fixed length control field | 01670cam a2200169 4500500 |
| 005 - DATE AND TIME OF LATEST TRANSACTION | |
| control field | 20260426012538.0 |
| 041 ## - LANGUAGE CODE | |
| Language code of text/sound track or separate title | fre |
| 042 ## - AUTHENTICATION CODE | |
| Authentication code | dc |
| 100 10 - MAIN ENTRY--PERSONAL NAME | |
| Personal name | Mouloungui, Clotaire |
| Relator term | author |
| 245 00 - TITLE STATEMENT | |
| Title | Le coût du travail intrafamilial |
| 260 ## - PUBLICATION, DISTRIBUTION, ETC. | |
| Date of publication, distribution, etc. | 2005.<br/> |
| 500 ## - GENERAL NOTE | |
| General note | 93 |
| 520 ## - SUMMARY, ETC. | |
| Summary, etc. | L’activité des sociétés familiales et des entreprises individuelles bénéficie souvent de l’aide des membres de la famille. Il s’agit en général d’une aide purement gratuite. Mais cette situation de gratuité va progressivement s’arrêter. En voici les principaux motifs : lutte contre le travail déguisé, le travail au noir ; lutte contre le travail des enfants ; lutte contre la concurrence déloyale et le dumping social ; lutte pour le financement de la sécurité sociale au moyen des taxes sur les salaires. Les concepts juridiques utilisés par les législateurs et les juges sont ici le contrat de travail à salaire différé ; l’enrichissement sans cause ; l’amende. |
| 520 ## - SUMMARY, ETC. | |
| Summary, etc. | The cost of intra-family work The activity of the family and of the individual entreprises often benefits from the assistance of the members of the family. In general, it takes the form of a purely free help. But this situation will gradually end. Here are the principal reasons: fight against disguised work; moonlighting, fight against the work of children; fight against unfair competition and social dumping; fight for the financing of the social security by means of wage taxes. |
| 786 0# - DATA SOURCE ENTRY | |
| Note | Innovations | 22 | 2 | 2005-09-01 | p. 139-158 | 1267-4982 |
| 856 41 - ELECTRONIC LOCATION AND ACCESS | |
| Uniform Resource Identifier | <a href="https://shs.cairn.info/revue-innovations-2005-2-page-139?lang=fr&redirect-ssocas=7080">https://shs.cairn.info/revue-innovations-2005-2-page-139?lang=fr&redirect-ssocas=7080</a> |
Pas d'exemplaire disponible.




Réseaux sociaux